000 00523nam a2200169Ia 4500
008 090201s9999 xx 000 0 und d
010 _aKPL-18807
040 _bमराठी
041 _aमराठी
082 _a11542
_b18807
100 _aगोविंद मुसळे
245 _aओले दु:ख
_cगोविंद मुसळे
260 _c2004
_bश्री विशाखा प्रकाशन
300 _a200
_bमोठा
600 _aओले दु:ख
942 _cBOOK
999 _c211929
_d211929